Регионална библиотека "Любен Каравелов" - Русе

Очерци по теория на културата | За генезиса на човешката дейност на културата (Запис номер 93066)

MARC детайли
000 -Лидер
Контролно поле с фиксирана дължина 01679nam a2200349 c 4500
003 - Код на организацията, давaща контролен номер
Контролно поле BLK
005 - Дата и час на последна редакция
Контролно поле 20180422104817.0
008 - Елементи от данни с фиксирана дължина
fixed length control field 180408b bul|||||r ||||||| ||bul||
010 ## - Наследен системен номер
LC control number KNG00097855000
040 ## - Източник на каталожния запис
Идентификатор на билиотеката - собственик на записа BLK
041 ## - Код за език
Код за езика на текст/звукозапис или на отделно заглавие Български
Код за езика КДБФ Български
080 ## - УДК
Текстов определител УДК Цивилизация. Култура. Прогрес. История на културата вж 930.85
УДК код - определител по УДК 008
УДК определител
УДК - код + определител 008
100 1# - Редна дума - Автор
Автор Маркарян, Едуард
Авторска отговорност първи автор
R(LIN) 305237
139 ## - Редно поле
Редна дума Маркарян, Едуард
Авторски знак Марк - М 32
245 10 - Сведения за заглавието
Заглавие Очерци по теория на културата
Редно поле (дума) Едуард Маркарян; прев. от рус. Веселин Цветков.
245 10 - Сведения за заглавието
Заглавие За генезиса на човешката дейност на културата
Подзаглавни данни Моногр.
Редно поле (дума)
257 ## - Страна на издаване
Страна на създаване/издаване Русия
260 ## - Област на издателските данни
-- София
Име на издателя, разпространителя и проч. Наука и изкуство
Година на издаване 1986
300 ## - Физическа характеристика
Страници 328 с.
Размери/Мащаб 21 см
380 ## - Жанр
Жанр Общ отдел
490 1# - СЕРИИ (Колекции)
Име на серия Библиотека Теория и история на световната култура
№: серия 2
500 ## - Общи забележки
Забележка Прев. е направен от Очерки теории культуры ; О генезисе человеческой деятельности и культуры / Э. С. Маркарян. -Библиогр. под линия.
650 #4 - Допълнително описание по предмет – тема
Основно описание – тема или топоним Култура - теория
9 (RLIN) 246545
653 ## - Ключова дума – ненормативна
Ключова дума култура
653 ## - Ключова дума – ненормативна
Ключова дума очерци
700 1# - Други автори (авторска отговорност)
Лично име Цветков, Веселин
Автороска отговорност (Описва отношението между автора и произведението) прев. от рус.
9 (RLIN) 373812
852 ## - Местоположение
Форматна сигнатура Цб 141524
856 4# - Електронен адрес и достъп
Електронен формат pdf - файл
Път до файла /url/
856 4# - Електронен адрес и достъп
Електронен формат pdf - файл
Път до файла /url/
942 ## - АРТИКУЛИ
Вид на библиотечния материал Книги
Скрит в OPAC Не
944 ## - СЪЗДАВАНЕ И РЕДАКЦИЯ на ЗАПИСА
Създаване/Редакция Създаване
Дата на регистрацията/редакция 08.11.2010
Статус, дата на статуса добави в АБ / 05.11.2010
Служител, извършил регистрацията/редакцията Геновева_Генчева
944 ## - СЪЗДАВАНЕ И РЕДАКЦИЯ на ЗАПИСА
Създаване/Редакция Редакция
Дата на регистрацията/редакция 15.01.2013
Статус, дата на статуса добави в АБ / 05.11.2010
Служител, извършил регистрацията/редакцията
999 ## - СИСТЕМНИ КОНТРОЛНИ НОМЕРА
Koha biblionumber 93066
Koha biblioitemnumber 93066
Наличности
Код за отписване Код за изгубен артикул Източник на класификационната схема Код за повреда Коз за рестрикции Код за отдаване Артикулен № Име на библиотеката - собственик Име на библиотеката, в която се намира в момента Статус (Текущо местоположение) Дата на вписване в системата Местоположение - отдел Цена в лева Инвентарен номер Систематично азбучна сигнатура Баркод Номер на екземпляра Цена в евро Служебна бележка Служебен тип на артикула
Изтеглен Не е изгубен Universal Decimal Classification Не е повреден без рестрикции заемане за дома 149669 Регионална библиотека "Любен Каравелов" Русе Регионална библиотека "Любен Каравелов" Русе Отдел Изкуство - подръчен фонд 1986-01-01 Отдел Изкуство - подръчен фонд 3.67 456588 ИП 0/М 32 456588 1 1.88 Дост: Pk Дата: 01.01.1986 Дата инв: 05.06.2012 Бележки инв: * Книги
  Не е изгубен Universal Decimal Classification Не е повреден без рестрикции ползва се в читалня 149670 Регионална библиотека "Любен Каравелов" Русе Регионална библиотека "Любен Каравелов" Русе Хранилище 1986-01-01 Хранилище 3.67 447976 Цб 141524 900000014541 2 1.88 Дост: Dp Вид: Д N: стар фонд Дата: 01.01.1986 Книги
Изтеглен Не е изгубен Universal Decimal Classification Не е повреден без рестрикции заемане за дома 149671 Регионална библиотека "Любен Каравелов" Русе Регионална библиотека "Любен Каравелов" Русе Заемна - подръчен фонд 1986-01-01 Заемна - подръчен фонд 3.67 456585 П 008/М 32 456585 3 1.88 Дост: Pk Вид: Ф N: стар фонд Дата: 01.01.1986 Дата инв: 01.02.2018 Бележки инв: П2018 Книги
Изтеглен Не е изгубен Universal Decimal Classification Не е повреден без рестрикции заемане за дома 149672 Регионална библиотека "Любен Каравелов" Русе Регионална библиотека "Любен Каравелов" Русе Заемна - подръчен фонд 1986-01-01 Заемна - подръчен фонд 3.67 456587 П 008/М 32 456587 4 1.88 Дост: Pk Вид: Ф N: стар фонд Дата: 01.01.1986 Дата инв: 01.02.2018 Бележки инв: П2018 Книги
Vip Innovations Ltd, Rousse, Bulgaria 2025